000 00753cab a2200253 4500
001 ABS60328
008 090401t1999 xxu||||| |||| 00| 0 eng d
035 _a(Sirsi) u92460
041 _aeng
100 _aFlood, C.
245 _aUltimatum procedure in commercial rent reviews
260 _c1999
350 _a0
490 _aSolicitors` Journal
_v143(12) 26 March 1999, 300-302(3)
650 _aBANKS AND ANOTHER V KOKKINOS AND ANOTHER
650 _aHENRY SMITHS CHARITY TRUSTEES V AWADA
650 _aMECCA LEISURE LTD V RENOWN INVESTMENTS HOLDINGS LTD
650 _aRENT REVIEW CLAUSES
650 _aRENT REVIEWS
650 _aTIME OF THE ESSENCE
690 _aLANDLORD AND TENANT-RENT REVIEWS
942 _n0
948 _c31/03/1999
999 _c58613
_d58613